Εφηβεία : ένα μεταβατικό στάδιο σ'ένα μεταβαλλόμενο κόσμο
Saved in:
| Corporate Author: | |
|---|---|
| Other Authors: | |
| Format: | Book |
| Language: | Greek |
| Published: |
Αθήνα :
Καστανιώτης,
1994
|
| Subjects: | |
| Tags: |
Add Tag
No Tags, Be the first to tag this record!
|
MARC
| LEADER | 00000nam a2200000 i 4500 | ||
|---|---|---|---|
| 001 | 1/3628 | ||
| 008 | 000522s1994 gre d | ||
| 020 | |a 960-03-1181-1 | ||
| 035 | |l 10060863 | ||
| 040 | |a GR-MY-UA |b gre |e aacr | ||
| 041 | 0 | |a gre | |
| 082 | 0 | |a 616.8900835 | |
| 245 | 1 | 0 | |a Εφηβεία : |b ένα μεταβατικό στάδιο σ'ένα μεταβαλλόμενο κόσμο / |c επιμέλεια Ι. Τσιάντης ... [κ.ά.] ; Ελληνική Ψυχιατρική Εταιρεία |
| 260 | |a Αθήνα : |b Καστανιώτης, |c 1994 | ||
| 300 | |a 299 σ. | ||
| 650 | 0 | 0 | |a Adolescent psychiatry |x Congresses. |
| 700 | 1 | |a Τσιάντης, Ιωάννης |d 1939- |4 edt | |
| 710 | 2 | |a Ελληνική Ψυχιατρική Εταιρεία. | |
| 852 | |a INST |b RHODES |e 20000522 |h 616.8900835 ΕΦΗ |p 005400006821 |q 005400006821 |t BK |y 0 | ||
| 909 | |a Ρ |b 049113 | ||
| 922 | |a 4ΕΛΗ |b 199610 |c ΠΟΛΕΜΙΚΟΣ |d ΚΑΚΟΥΛΙΔΗΣ | ||
| 970 | |z 2000/05/22 | ||